000 00449nam a2200193Ia 4500
008 170918s9999 xx 000 0 und d
020 _a9780545649339
050 _bG624 2012
100 _aGoldstone, Bruce
245 _aAwesome autumns /
245 _cBruce Goldstone.
260 _aNew York :
260 _bScholastic,
260 _c2012
300 _aunpaged :
300 _bcolored illustration ;
300 _c28cm.
500 _a690
999 _c342648
_d342648